000 00345nam a2200133Ia 4500
008 240624s9999 xx 000 0 und d
041 _aeng
082 _a900 DRE
100 _aDREWS ROBERT
245 _aCOMING OF THE GREEKS INDO EUROPEAN CONQU
260 _c1994
_aNew Jersey
_bPrinceton University Press
300 _a276 : p.
365 _c
_b26
999 _c20158
_d20158